000
00249nam a22001217a 4500
003
SGT
082
_b
PAN
100
_a
PANDEY, I.M.
245
_a
FINANCIAL MANAGEMENT
260
_a
DELHI
_b
VIKASH PUB.
_c
2004
300
_a
1226
942
_2
ddc
_c
BK
_0
2
999
_c
21302
_d
21302